Alternatívny prístup k meraniu zahraničného obchodu - TiVA bakalárska práca

Gespeichert in:
Bibliographische Detailangaben
1. Verfasser: Kováčiková, Lucia
Körperschaft: Obchodná fakulta EU. Katedra medzinárodného obchodu
Weitere Verfasser: Zábojník, Stanislav, 1984-
Format: Buch
Sprache:Slowakisch
Veröffentlicht: Bratislava 2015
Tags: Tag hinzufügen
Keine Tags, Fügen Sie das erste Tag hinzu!

MARC

LEADER 00000nbm a2200000 4500
001 0203251
005 20161212105611.1
041 0 |a slo 
044 |a SK 
245 1 0 |a Alternatívny prístup k meraniu zahraničného obchodu - TiVA  |b bakalárska práca  |c Lucia Kováčiková ; školiteľ: Stanislav Zábojník 
264 1 |a Bratislava  |c 2015 
300 |a 72 s. 
100 1 |a Kováčiková, Lucia 
700 1 |a Zábojník, Stanislav, 1984- 
710 2 |a Obchodná fakulta EU. Katedra medzinárodného obchodu